Регионална библиотека "Любен Каравелов" - Русе

Електробезопасност при жилищните инсталации и домакинските уреди (Запис номер 379631)

MARC детайли
000 -Лидер
Контролно поле с фиксирана дължина nam a22 a 4500
003 - Код на организацията, давaща контролен номер
Контролно поле BLK
005 - Дата и час на последна редакция
Контролно поле 20200805145339.0
008 - Елементи от данни с фиксирана дължина
fixed length control field 200805b bu ||||| |||| 00| 0 bu d
040 ## - Източник на каталожния запис
Идентификатор на билиотеката - собственик на записа BLK
041 ## - Код за език
Код за езика на текст/звукозапис или на отделно заглавие Български
Код за езика КДБФ Български
080 ## - УДК
Текстов определител УДК Електротехника
УДК код - определител по УДК 621.3
УДК определител (035)
УДК - код + определител 621.3(035)
100 1# - Редна дума - Автор
Автор Велинов, Димитър Ив.
Авторска отговорност Първи автор
R(LIN) 424094
139 ## - Редно поле
Редна дума Велинов, Димитър Ив.
245 10 - Сведения за заглавието
Заглавие Електробезопасност при жилищните инсталации и домакинските уреди
Редно поле (дума) Димитър Ив. Велинов.
257 ## - Страна на издаване
Страна на създаване/издаване България
260 ## - Област на издателските данни
Място на издаване, разпространение и проч. София
Име на издателя, разпространителя и проч. Профиздат
Година на издаване 1965
300 ## - Физическа характеристика
Страници 68 с.
Размери/Мащаб 18 см
380 ## - Жанр
Жанр Техника
490 ## - СЕРИИ (Колекции)
Име на серия Библиотека Охрана на труда
№: серия 71
9 (RLIN) 205342
500 ## - Общи забележки
Забележка 4 100 тир.
650 #4 - Допълнително описание по предмет – тема
Основно описание – тема или топоним Електробезопасност
9 (RLIN) 154609
852 ## - Местоположение
Форматна сигнатура Цб I 7366
Фондова буква Хранилище
999 ## - СИСТЕМНИ КОНТРОЛНИ НОМЕРА
Koha biblionumber 379631
Koha biblioitemnumber 379631
942 ## - АРТИКУЛИ
Вид на библиотечния материал Книги
Скрит в OPAC Не
Източник на класификационната схема Universal Decimal Classification
Периодичен библиозапис Да
Наличности
Код за отписване Код за изгубен артикул Източник на класификационната схема Код за повреда Коз за рестрикции Код за отдаване Артикулен № Име на библиотеката - собственик Име на библиотеката, в която се намира в момента Статус (Текущо местоположение) Дата на вписване в системата Местоположение - отдел Цена в лева Инвентарен номер Систематично азбучна сигнатура Баркод Цена в евро Служебен тип на артикула
  Не е изгубен Universal Decimal Classification Не е повреден само за читалня ползва се в читалня 789963 Регионална библиотека "Любен Каравелов" Русе Регионална библиотека "Любен Каравелов" Русе Хранилище 2020-08-12 Хранилище 0.15 5396/65 Цб І 7366 900000028419 0.08 Книги
Vip Innovations Ltd, Rousse, Bulgaria 2025